01718nam a2200361 i 4500001001000000003000900010005001700019007000300036008004100039040003000080041000800110082001900118100003800137245006700175264003400242300002700276336002700303337003300330338002800363490002100391504004200412590002600454710005100480830003200531910000700563942001300570952013800583952013400721952016200855952019001017952013201207999001701339000017194DO-SdBNP20251117080502.0ta100319s1974 dr 000 0 spa d aDO-SdBNPbspacBNPHUerda aspa axxxbR788f2221 aRosa, Jesús de laeautor91972410aFundamentos de los exámenes objetivos /cJesús de la Rosa. aSanto Domingo :bUASD,c1974. a16 páginas ;c21 cm. ardacontentbtexto2txt ardamediabsin mediación2n ardacarrierbvolumen2nc1 aConferenciav178 aIncluye bibliografías [página 16] aInventariado, 2025/DG1 aUniversidad Autónoma de Santo Domingo972951 0aConferencian25v178937839 aDG 2ddccLF2 00102ddc56708DSaBNPHUbBNPHUcCTd2011-04-27l0oBNPHU DS R788fp17194-30r2020-06-25te. 3w2020-06-25yLF2ZPréstamo en sala 00102ddc56708DSaBNPHUbBNPHUd2011-04-27l0oBNPHU DS R788fp17194-40r2020-06-25te. 4w2020-06-25yLF2ZPréstamo en sala 00102ddc56708DSaBNPHUbBNPHUcCTd2011-05-31l0oBNPHU DS R788fp17194-50r2020-06-25te. 5w2020-06-25yLF2zIlonka Nacidit PerdomoZPréstamo en sala 00102ddc51708PDaBNPHUbBNPHUcHDd2010-03-19l0oBNPHU PD R788fp17194-10r2020-06-25w2020-06-25yLF2zPerteneció a la biblioteca personal de Germán Emilio OrnesZNo se presta 00102ddc51708PDaBNPHUbBNPHUcCTd2011-04-27l0oBNPHU PD R788fp17194-20r2020-06-25te. 2w2020-06-25yLF2ZNo se presta c16720d16720